| 000 | 00979cab a2200229 4500 | ||
|---|---|---|---|
| 001 | ABS68629 | ||
| 008 | 050120n2005 000 0 eng u | ||
| 035 | _a(Sirsi) u128555 | ||
| 100 | _aHolloway, N. | ||
| 245 | _aLand remediation | ||
| 260 | _c2005 | ||
| 490 |
_aWastes Management _vJanuary 2005, 32-35(4) |
||
| 520 | _a"The hidden cost" looks at the danger of building on asbestos-contaminated land and the consequent increase in waste disposal costs. "Return of the native" discusses the findings of a report, "Woodland establishment on closed old-style landfill sites in NW England". The report found that native tree species perform better than many of the exotics typically used for land reclamation. | ||
| 590 | _aABS | ||
| 650 | _aWASTE DISPOSAL | ||
| 650 | _aMANAGEMENT-HEALTH AND SAFETY-HAZARDOUS SUBSTANCES-ASBESTOS | ||
| 650 | _aCONTAMINATED SOIL | ||
| 650 | _aLAND REMEDIATION | ||
| 650 | _aTREES | ||
| 690 | _aENVIRONMENT-CONTAMINATION | ||
| 942 | _n0 | ||
| 999 |
_c74726 _d74726 |
||